000 00439nam a2200169Ia 4500
003 LK-CoDNM
008 010623t1914 xxu||||| |||| 00| 1 sin d
040 _aLK-CoDNM
_dLK-CoDNM
_eLK-CoDNM
041 _asin
080 _a104 B 12
245 _aකෝළම් කවි පොත
246 _aKolam Kavi Potha
260 _bHitavadi
_aColombo
_c1914
300 _b54p, 21 cm
650 _aParani Sinhala Kavi poth - Kolam
942 _cBK
999 _c88150
_d88150